000 01040nam a2200265Ia 4500
003 OSt
005 20221005111842.0
006 a|||||r|||| 00| 0
007 ta
008 221004b |||||||| |||| 00| 0 hin d
020 _a9789381721797 (hbk)
_c850
024 _a24369
037 _b60, 30/12/2015, Mallika Books
_cTextual
040 _aCRL
_cCRL
_bhin
041 _2hin
_ahin
082 _aO152,1:gN3, Q4
100 _aमौर्य, शशिबाला
245 0 _aछायावादोत्तर हिन्दी कविता में प्रगतिशीलता
246 _aChhāyāvādottar hindī kavitā mean pragatishīlatā
260 _aवाराणसी
_bकला एवं धर्म शोध संस्थान भारत
_c2014
300 _a272पृ0
_ccm.
650 _aहिन्दी साहित्य
942 _hO152,1:gN3, Q4
_cTEXL
_2cc
999 _c1023093
_d1023093